Statistics for Chelsea 2017/18 Squad

Click here to take the quiz!

General Stats

  • This quiz has been taken 117 times
  • The average score is 17 of 23

Answer Stats

Jersey #NationalityPositionPlayer Name% Correct
10BelgiumLWEden Hazard
98%
7FranceCDMN'Golo Kanté
93%
9SpainSTÁlvaro Morata
90%
3SpainLBMarcos Alonso
89%
13BelgiumGKThibaut Courtois
88%
4SpainCMCesc Fàbregas
87%
2GermanyCBAntonio Rüdiger
86%
28SpainRB/CBCésar Azpilicueta
85%
22BrazilRWWillian
83%
11SpainRMPedro
82%
24EnglandCBGary Cahill
80%
1ArgentinaGKWilly Caballero
79%
15NigeriaRMVictor Moses
78%
27DenmarkCBAndreas Christensen
70%
14FranceCDMTiémoué Bakayoko
65%
23BelgiumSTMichy Batshuayi
64%
30BrazilCBDavid Luiz
62%
21ItalyRBDavide Zappacosta
59%
6EnglandCMDanny Drinkwater
58%
19SpainSTDiego Costa
54%
17BelgiumLMCharly Musonda
44%
37PortugalGKEduardo
35%
16BrazilLBKenedy
33%

Score Distribution

Percentile by Number Answered

Percent of People with Each Score

Your Score History

You have not taken this quiz